Sports Quiz

Random Sports or NFL Quiz

NFL Last Five 70+ Catch Seasons Quiz Stats

Quiz Updated Jan 31, 2018

Challenge
Share
Tweet
Embed
Score 0/156 Timer 12:00
0 Plays Today
Team Player % Correct
Cincinnati BengalsChad Ochocinco
94.2%
Detroit LionsCalvin Johnson
93.5%
Carolina PanthersKeyshawn Johnson
93.1%
San Francisco 49ersEric Johnson
93%
Atlanta FalconsJulio Jones
92.3%
Buffalo BillsSteve Johnson
91.2%
Carolina PanthersSteve Smith
90.9%
New York GiantsSteve Smith
90.9%
Jacksonville JaguarsJimmy Smith
90.4%
Atlanta FalconsRoddy White
88.8%
Arizona CardinalsDavid Johnson
88.6%
Cleveland BrownsDuke Johnson
88.5%
Cleveland BrownsGary Barnidge
88.4%
Arizona CardinalsAnquan Boldin
88%
New York JetsSantana Moss
85.7%
Washington RedskinsSantana Moss
85.7%
New England PatriotsJulian Edelman
84%
Dallas CowboysDez Bryant
83.2%
Indianapolis ColtsReggie Wayne
82.8%
Los Angeles RamsSteven Jackson
81.6%
Seattle SeahawksDarrell Jackson
81.5%
Cincinnati BengalsTerrell Owens
81.4%
Dallas CowboysTerrell Owens
81.4%
San Francisco 49ersTerrell Owens
81.4%
Houston TexansAndre Johnson
81%
Tampa Bay BuccaneersVincent Jackson
80.7%
New England PatriotsWes Welker
80.1%
Atlanta FalconsTony Gonzalez
79.9%
Kansas City ChiefsTony Gonzalez
79.9%
New Orleans SaintsMichael Thomas
79.7%
Oakland RaidersMichael Crabtree
79%
Philadelphia EaglesDeSean Jackson
78.8%
Minnesota VikingsSidney Rice
78.8%
Baltimore RavensRay Rice
78.7%
Denver BroncosWes Welker
77.8%
Miami DolphinsBrandon Marshall
76.6%
Denver BroncosDemaryius Thomas
76.5%
Green Bay PackersDonald Driver
74.7%
Green Bay PackersGreg Jennings
73.8%
San Francisco 49ersMichael Crabtree
72.4%
Pittsburgh SteelersAntonio Brown
71.4%
Kansas City ChiefsDwayne Bowe
68.3%
Denver BroncosEmmanual Sanders
68%
Dallas CowboysMiles Austin
68%
Tennessee TitansDerrick Mason
67.9%
Indianapolis ColtsDallas Clark
67.3%
Dallas CowboysJason Witten
66.8%
Kansas City ChiefsTyreek Hill
66%
Green Bay PackersRandall Cobb
65%
Los Angeles RamsTorry Holt
63.3%
Pittsburgh SteelersLe'Veon Bell
61.9%
Minnesota VikingsAdam Thielen
61.7%
Team Player % Correct
Detroit LionsNate Burleson
60.7%
Washington RedskinsPierre Garcon
60.2%
Buffalo BillsLee Evans
59.8%
Los Angeles ChargersAntonio Gates
59.8%
Chicago BearsMartellus Bennett
57.4%
Los Angeles RamsIsaac Bruce
57.2%
Pittsburgh SteelersHines Ward
55.1%
Philadelphia EaglesJeremy Maclin
54.8%
New England PatriotsBrandon LaFell
53.6%
Baltimore RavensMike Wallace
53.4%
Green Bay PackersDavante Adams
52.7%
Minnesota VikingsStefon Diggs
51.6%
Cincinnati BengalsT.J. Houshmandzadeh
51.6%
Seattle SeahawksT.J. Houshmandzadeh
51.6%
New York GiantsReuben Randle
49.8%
Dallas CowboysCole Beasley
49.1%
Minnesota VikingsPercy Harvin
48.6%
Tampa Bay BuccaneersAntonio Bryant
48%
Denver BroncosBrandon Lloyd
47.3%
Cleveland BrownsTerrelle Pryor
46.9%
San Francisco 49ersVernon Davis
46.7%
New York GiantsHakeem Nicks
46.5%
Indianapolis ColtsT.Y. Hilton
44.3%
Baltimore RavensSteve Smith
44.1%
New York GiantsVictor Cruz
42.7%
Arizona CardinalsSteve Breaston
42.4%
Los Angeles ChargersLaDanian Tomlinson
42.1%
New Orleans SaintsAlvin Kamara
42%
Green Bay PackersJordy Nelson
41.6%
Pittsburgh SteelersHeath Miller
41.2%
New York GiantsOdell Beckham Jr.
41.1%
New England PatriotsRob Gronkowski
40.5%
Minnesota VikingsKyle Rudolph
40.1%
Los Angeles RamsMarshall Faulk
39.7%
New Orleans SaintsBrandin Cooks
39.6%
Philadelphia EaglesLeSean McCoy
39.5%
Philadelphia EaglesJordan Matthews
38.7%
Philadelphia EaglesZach Ertz
38.2%
Tampa Bay BuccaneersKellen Winslow Jr.
36.3%
Cleveland BrownsKellen Winslow Jr.
36.3%
Houston TexansDeAndre Hopkins
34.7%
Buffalo BillsEric Moulds
34.5%
Miami DolphinsBrian Hartline
33.1%
Carolina PanthersChristian McCaffrey
33.1%
Denver BroncosEric Decker
32.8%
Arizona CardinalsDavid Boston
32.7%
Miami DolphinsJarvis Landry
32.5%
Houston TexansOwen Daniels
32.4%
Washington RedskinsChris Cooley
32.4%
Los Angeles ChargersDanny Woodhead
32.4%
New York JetsLaveranues Coles
32.1%
Washington RedskinsLaveranues Coles
32%
Team Player % Correct
Arizona CardinalsLarry Fitzgerald
31.8%
Baltimore RavensDennis Pitta
31.7%
New England PatriotsBrandon Lloyd
31.2%
Detroit LionsBrandon Pettigrew
29.4%
Jacksonville JaguarsAllen Robinson
28.9%
Miami DolphinsDavone Bess
27.7%
Jacksonville JaguarsKeenan McCardell
27.7%
Los Angeles RamsDanny Amendola
27.5%
New Orleans SaintsWillie Snead
27.4%
Indianapolis ColtsJack Doyle
27.1%
Chicago BearsMatt Forte
26.7%
Tampa Bay BuccaneersJoey Galloway
25.9%
Kansas City ChiefsJeremy Maclin
25.7%
Los Angeles ChargersKeenan McCardell
25.6%
Chicago BearsAlshon Jeffery
25.5%
Tampa Bay BuccaneersMike Evans
24.8%
Pittsburgh SteelersMike Wallace
24.5%
Seattle SeahawksDoug Baldwin
24.4%
Detroit LionsGolden Tate
23.4%
New York JetsBrandon Marshall
23.1%
Buffalo BillsPeerless Price
23%
New York JetsEric Decker
22.8%
Chicago BearsBernard Berrian
22.1%
Seattle SeahawksKoren Robinson
21.8%
Kansas City ChiefsTravis Kelce
21.3%
Cincinnati BengalsPeter Warrick
21.2%
Atlanta FalconsDevonta Freeman
21.2%
Chicago BearsBrandon Marshall
21.1%
New Orleans SaintsBen Watson
21%
Tennessee TitansDrew Bennett
20.7%
New York JetsJerricho Cotchery
19.6%
Indianapolis ColtsPierre Garcon
19.6%
Cincinnati BengalsA.J. Green
18.1%
Oakland RaidersJames Jones
17.4%
Carolina PanthersGreg Olsen
15.7%
Cleveland BrownsJosh Gordon
14.9%
San Francisco 49ersAnquan Boldin
14.4%
Los Angeles ChargersKeenan Allen
13.9%
Oakland RaidersJerry Porter
11%
Miami DolphinsMike Wallace
10.6%
Baltimore RavensKanar Aiken
9.8%
Oakland RaidersAmari Cooper
9.6%
Washington RedskinsJordan Reed
9.1%
Carolina PanthersKelvin Benjamin
9.1%
Seattle SeahawksBobby Engram
9%
Tennessee TitansFrank Wycheck
8.9%
Tennessee TitansDelanie Walker
7.7%
Atlanta FalconsHarry Douglas
7.4%
Buffalo BillsLarry Centers
6.6%
Tennessee TitansKendall Wright
5.5%
Oakland RaidersBrandon Myers
5.5%
Detroit LionsTheo Riddick
3.6%

You're not logged in!

Compare scores with friends on all Sporcle quizzes.
Sign Up with Email
OR
Log In

You Might Also Like...

Show Comments

Extras

Top Quizzes Today


Score Distribution

Your Account Isn't Verified!

In order to create a playlist on Sporcle, you need to verify the email address you used during registration. Go to your Sporcle Settings to finish the process.

Report this User

Report this user for behavior that violates our Community Guidelines.

Details: